000
00285nam a2200121Ia 4500
008
201214s9999 xx 000 0 und d
100
_a
Ghosh, Subratesh
245
0
_a
Personnel Management
260
_a
New Delhi
260
_b
Oxford & IBH Publishing Co.
300
_a
226
942
_c
BK
999
_c
5646
_d
5646